Concept of civil procedure in Kenya / (Record no. 6467)

MARC details
000 -LEADER
fixed length control field 00826cam a2200289 i 4500
001 - CONTROL NUMBER
control field on1025363522
003 - CONTROL NUMBER IDENTIFIER
control field TZ-ArACH
005 - DATE AND TIME OF LATEST TRANSACTION
control field 20210924150120.0
008 - FIXED-LENGTH DATA ELEMENTS--GENERAL INFORMATION
fixed length control field 180207s2017 ke b 000 0 eng
010 ## - LIBRARY OF CONGRESS CONTROL NUMBER
LC control number 2018354069
020 ## - INTERNATIONAL STANDARD BOOK NUMBER
International Standard Book Number 9789966530547
020 ## - INTERNATIONAL STANDARD BOOK NUMBER
International Standard Book Number 9966530541
035 ## - SYSTEM CONTROL NUMBER
System control number (OCoLC)1025363522
040 ## - CATALOGING SOURCE
Original cataloging agency DLC
Language of cataloging eng
Description conventions rda
Transcribing agency TZ-ArACH
043 ## - GEOGRAPHIC AREA CODE
Geographic area code f-ke---
049 ## - LOCAL HOLDINGS (OCLC)
Holding library TZAA
050 00 - LIBRARY OF CONGRESS CALL NUMBER
Classification number KSK3570
Item number .K96 2017
100 1# - MAIN ENTRY--PERSONAL NAME
Personal name Kyobika, Emmanuel,
Relator term author.
245 10 - TITLE STATEMENT
Title Concept of civil procedure in Kenya /
Statement of responsibility, etc Emmanuel Kyobika.
260 ## - PUBLICATION, DISTRIBUTION, ETC. (IMPRINT)
Place of publication, distribution, etc Nairobi:
Name of publisher, distributor, etc LawAfrica;
Date of publication, distribution, etc 2017.
300 ## - PHYSICAL DESCRIPTION
Extent lxiv, 418 pages ;
Dimensions 21 cm
504 ## - BIBLIOGRAPHY, ETC. NOTE
Bibliography, etc Includes bibliographical references (pages 417-418).
650 #0 - SUBJECT ADDED ENTRY--TOPICAL TERM
Topical term or geographic name as entry element Civil procedure
Geographic subdivision Kenya.
650 #7 - SUBJECT ADDED ENTRY--TOPICAL TERM
Topical term or geographic name as entry element Civil procedure.
Source of heading or term fast
651 #7 - SUBJECT ADDED ENTRY--GEOGRAPHIC NAME
Geographic name Kenya.
Source of heading or term fast
942 ## - ADDED ENTRY ELEMENTS (KOHA)
Source of classification or shelving scheme Library of Congress Classification
Koha item type Books
Holdings
Home library Current library Date acquired Full call number Barcode Koha item type
African Court on Human and Peoples' Rights Library African Court on Human and Peoples' Rights Library 24/09/2021 KSK3570 .K96 2017 10195467 Books

African Court on Human and Peoples' Rights | For Inquiries Contact » +255 272 510 510